000 00315nam a2200121Ia 4500
008 220204s9999 xx 000 0 und d
082 _a575.8
_bEVO.2
245 0 _aEvolutionary biology. V 2
260 _aNew York
_bMeredith
_c1968
650 _aEvolutionary biology
700 _aDOBZHANSKY, Theodosius
942 _cBK
999 _c34424
_d34424